repliques de retour vers le futur - Statistiques

Statistiques générales
  • Ce quiz a été pris 73 fois
  • Le résultat moyen est 6 sur 15
Statistiques - réponses
personnage. répliques réponses % Correct
doc non de........... zeus
97%
biff tanen tu veux ma photo,........ banane
86%
marty mc fly c'est toi le ....,doc doc
73%
marty mc fly c'est strickland ! C'est à croirequ'il a toujours été ........ chauve
58%
marty mc fly papa ......... papa,papa,papi,.......... papo
58%
biff tanen tu fais comme dans l'.............,tu te tire ailleurs ! infanterie
52%
marty mc fly je suis dark vador ,je viens de la planète .............. vulcain
41%
lorraine biff ! la allez jouer à ................ au bord de la falaise ! colin maillard
34%
george Hé,connard... tire tes sales ............ de là ou je me fâche ! paluches
33%
doc -c'est un hold-up -non c'est une .............................! expérience scientifique
28%
marty mc fly eh papa ! euh george !...................... toi sur le vélo !
23%
serveur (futur maire) c'est qui qu 't 'appelle bamboula ,espèce de .............. cul-terreux
20%
biff tanen T'es sourd ...........,espèce de crême anglaie ! mcflan
19%
marty mc fly on va voir si ces ........ s'accrochent encore à 90! fumiers
17%
doc là ou on va on n'a pas besoins.............. on n'a pas besoins
5%
Aucun quiz correspondant
Distribution des résultats
% des personnes avec chaque résultat
Percentile par nombre de réponses
Votre historique - résultats
Vous n’avez pas pris ce quiz